Rudolf Beran a jeho doba vzestup a pád agrární strany

Bibliographic Details
Main Author: Rokoský, Jaroslav, 1969- (Author)
Format: Book
Language:Czech
PhysicalDescription:901 s. faks., fotogr., portréty 25 cm
Published: Praha Ústav pro studium totalitních režimů Vyšehrad 2011
ISBN:9788074290671
9788087211472
Edition:Vyd. 1.
Subjects:

MARC

LEADER 00000cam a2200000 a 4500
001 vtls010286910
003 SK-MaSNL
005 20260311122012.0
008 240314s2011 xr hoc g hn 001 0bcze
015 |a SNBZSA2012-00084 
020 |a 9788074290671  |q (Vyšehrad : viaz.) 
020 |a 9788087211472  |q (Ústav pro studium totalitních režimů : viaz.) 
035 |a 7A0EFE09-25D4-4274-B3C7-AAA8955566D6 
035 |a urn:nbn:sk:snk-amji55 
035 |a urn:nbn:sk:snk-am000wow 
040 |a SNK  |b slo  |c SNK  |e AACR2 
041 0 |a cze 
043 |a e-cs--- 
044 |a xr  |c CZ 
072 7 |a 32  |x Politika  |2 konspekt 
072 7 |a 329  |x Politické strany a hnutia  |2 konspekt 
080 |a 32-051(437)  |2 2001 
080 |a 329.63:338.43  |2 2001 
080 |a 32(091)  |2 2001 
080 |a (437)  |2 2001 
080 |a (092)  |2 2001 
100 1 |a Rokoský, Jaroslav,  |d 1969-  |4 aut  |9 202485 
245 1 0 |a Rudolf Beran a jeho doba  |b vzestup a pád agrární strany  |c Jaroslav Rokoský 
246 3 0 |a Beran a jeho doba 
246 3 0 |a Vzestup a pád agrární strany 
250 |a Vyd. 1. 
260 |a Praha  |b Ústav pro studium totalitních režimů  |b Vyšehrad  |c 2011 
300 |a 901 s.  |b faks., fotogr., portréty  |c 25 cm 
504 |a Bibliogr. odkazy. Bibliogr. Reg. 
600 1 7 |a Beran, Rudolf,  |d 1887-1954  |2 SNKMA  |9 199613 
610 2 7 |a Republikánská strana zemědělského a malorolnického lidu  |2 SAVUKKA  |9 276200 
650 0 7 |a politici  |2 SNKPH  |9 2679 
650 0 7 |a agrárne strany  |2 SNKPH  |9 4848 
650 0 7 |a agrarizmus  |2 SNKPH  |9 4850 
650 0 7 |a politické dejiny  |2 SNKPH  |9 69271 
651 7 |a Československo  |2 SNKPH  |9 21376 
655 7 |a biografie  |2 SNKPH  |9 27965 
919 |a 978-80-7429-067-1 
919 |a 978-80-87211-47-2 
958 |a ZS 
958 |a CZ 
958 |a BX 
958 |a NB 
999 |c 577423  |d 579353 
952 |a SNK  |b SNK  |y PREZ  |7 0  |p 17A0798579  |o snkSC 147702  |i snk2012/538  |8 4  |g 21.86  |0 0  |1 0  |4 0  |d 2011-11-11  |l 0  |r 2025-07-16 00:00:00  |w 2026-02-23 
952 |a SNK  |b SNK  |y VYP  |7 0  |p 17A1054781  |o snkSC 147702 D1  |i snk2012/21077  |8 4  |g 21.12  |0 0  |1 0  |4 0  |d 2012-10-01  |f 1  |l 0  |r 2026-02-23 14:38:12  |w 2026-02-23